| 000 | 01138nam a22003377a 4500 | ||
|---|---|---|---|
| 001 | 0024641 | ||
| 003 | KOHA_MİRAKIL | ||
| 005 | 20260207002445.0 | ||
| 007 | ta | ||
| 008 | 101122b2003 us |||gr||||#0|||0|eng | | ||
| 020 | _a0072392665 | ||
| 040 |
_aTR-BiSEU _btur _cTR-BiSEU _erda |
||
| 041 | 0 | _aeng | |
| 044 | _cus | ||
| 050 |
_aTP155.5 _b.P4 2003 |
||
| 100 | 1 | _aPeters, Max Stone. | |
| 245 | 1 |
_aPlant design and economics for chemical engineers/ _cMax Stone Peters ; Max S. Peters, Klaus D. Timmerhaus, Ronald E. West. |
|
| 250 | _a5th ed. | ||
| 264 | 1 |
_aNew York : _bMcGraw-Hill _c2003 |
|
| 300 | _axvii, 988 sayfa: resimli; 24 cm. | ||
| 336 |
_ametin _btxt _2rdacontent |
||
| 337 |
_aaracısız _bn _2rdamedia |
||
| 338 |
_acilt _bnc _2rdacarrier |
||
| 490 | 0 | _aMcGraw-Hill chemical engineering series, International Edition | |
| 500 | _aKaynakça ve dizin var. | ||
| 650 | 0 |
_aKimyasal tesisler--Tasarım ve yapım. _950164 |
|
| 650 | 0 |
_aChemical plants--Design and construction. _950165 |
|
| 830 | 0 |
_aMcGraw-Hill chemical engineering series, International Edition _950166 |
|
| 907 | _aKimya | ||
| 942 |
_2lcc _cBK |
||
| 999 |
_c24592 _d24592 |
||